书目信息 |
| 题名: |
分析化学实验
|
|
| 作者: | 祁玉成 主编 | |
| 分册: | ||
| 出版信息: | 北京 高等教育出版社 2014 |
|
| 页数: | 171页 | |
| 开本: | 19cm | |
| 丛书名: | ||
| 单 册: | ||
| 中图分类: | O652.1 | |
| 科图分类: | ||
| 主题词: | 分析化学--化学实验--高等学校--教材 | |
| 电子资源: | ||
| ISBN: | 978-7-04-040140-0 | |
| 000 | 00839nam0 2200241 450 | |
| 001 | 0103246132 | |
| 005 | 20141022195251.0 | |
| 010 | @a978-7-04-040140-0@dCNY9.20 | |
| 100 | @a20140905d2014 em y0chiy0120 ea | |
| 101 | 0 | @achi |
| 102 | @aCN@b110000 | |
| 105 | @aa z 000yy | |
| 106 | @ar | |
| 200 | 1 | @a分析化学实验@9Fen Xi Hua Xue Shi Yan @f祁玉成主编@b专著 |
| 210 | @a北京@c高等教育出版社@d2014 | |
| 215 | @a171页@c图@d19cm | |
| 300 | @a高等学校教材 供医学检验及药学专业用 | |
| 330 | @a本书分为两部分。基本知识和操作部分包括分析化学实验基本知识、化学分析仪器及基本操作;分析化学实验部分汇总了参编院校近年来开设的分析化学实验,共计26个实验。 | |
| 606 | 0 | @a分析化学@x化学实验@x高等学校@j教材 |
| 690 | @aO652.1@v5 | |
| 701 | 0 | @a祁玉成@c(化学)@9qi yu cheng@4主编 |
| 801 | 0 | @aCN@bZL@c20140812 |
| 905 | @aBZT@dO65@e34@f1@sO65/34 | |
| 分析化学实验/祁玉成主编.-北京:高等教育出版社,2014 |
| 171页:图;19cm |
| 高等学校教材 供医学检验及药学专业用 |
| ISBN 978-7-04-040140-0:CNY9.20 |
| 本书分为两部分。基本知识和操作部分包括分析化学实验基本知识、化学分析仪器及基本操作;分析化学实验部分汇总了参编院校近年来开设的分析化学实验,共计26个实验。 |
| ● |
| 相关链接 |
|
|
|
正题名:分析化学实验
索取号:O65/34
 
预约/预借
| 序号 | 登录号 | 条形码 | 馆藏地/架位号 | 状态 | 备注 |
| 1 | 2000004022 | 2000004022 | 旧书回溯/ [索取号:O65/34] | 在馆 |